[Event "Madrid-ch Previa A"]
[Site "Madrid"]
[Date "2023.02.20"]
[Round "7.21"]
[White "Balsera Gomez, Antonio"]
[Black "Barahona Torrijos, Angel"]
[Result "1-0"]
[WhiteElo "1663"]
[BlackElo "1761"]
[PlyCount "85"]
[EventDate "2023.02.06"]
[EventType "swiss"]
[EventRounds "9"]
[EventCountry "ESP"]
[SourceTitle "EXT 2024"]
[Source "ChessBase"]
[SourceDate "2023.10.10"]
[SourceVersion "1"]
[SourceVersionDate "2023.10.10"]
[SourceQuality "1"]

1. d4 Nf6 2. Nf3 d5 3. e3 Bf5 4. Bd3 Ne4 5. 0-0 e6 6. c4 c6 7. Qc2 Nd7 8. b3 Bd6 9. Ba3 Ndf6 10. Bxd6 Nxd6 11. Ne5 Nd7 12. Nc3 Nxe5 13. dxe5 dxc4 14. bxc4 Bxd3 15. Qxd3 Nf5 16. Rfd1 Qxd3 17. Rxd3 Ke7 18. Ne4 Rhd8 19. Rad1 Rxd3 20. Rxd3 Rd8 21. Rxd8 Kxd8 22. c5 b6 23. Nd6 bxc5 24. Nxf7+ Kd7 25. e4 Nd4 26. Nd6 Ne2+ 27. Kf1 Nc3 28. a3 Na4 29. Ke2 Nb6 30. Kd3 g5 31. h3 a6 32. g3 Ke7 33. f4 gxf4 34. gxf4 h6 35. h4 h5 36. f5 exf5 37. exf5 Nd7 38. Nc4 Kd8 39. Ke4 Nf8 40. e6 Ke7 41. Ke5 Kd8 42. Kf6 Ke8 43. Nd6+ 1-0

[Event "Madrid-ch Previa A"]
[Site "Madrid"]
[Date "2023.02.15"]
[Round "6.28"]
[White "Barahona Torrijos, Angel"]
[Black "Calle Trueba, Jose Antonio"]
[Result "1-0"]
[WhiteElo "1761"]
[BlackElo "1335"]
[PlyCount "83"]
[EventDate "2023.02.06"]
[EventType "swiss"]
[EventRounds "9"]
[EventCountry "ESP"]
[SourceTitle "EXT 2024"]
[Source "ChessBase"]
[SourceDate "2023.10.10"]
[SourceVersion "1"]
[SourceVersionDate "2023.10.10"]
[SourceQuality "1"]

1. e4 e6 2. d4 d5 3. Nc3 Nc6 4. e5 h5 5. Nf3 Be7 6. h4 f6 7. exf6 Bxf6 8. Bf4 a6 9. Bd3 Nge7 10. Ne2 Nb4 11. Ne5 Nxd3+ 12. Qxd3 Bxe5 13. Bxe5 Nf5 14. Ng3 Qe7 15. Nxf5 exf5 16. 0-0-0 Be6 17. Qg3 0-0-0 18. Rde1 Rhg8 19. Bxc7 Qxc7 20. Qxc7+ Kxc7 21. Rxe6 g5 22. hxg5 Rxg5 23. g3 Rd6 24. Re5 Kc6 25. Kd2 Rh6 26. Rh4 Kd6 27. b3 b5 28. a3 Re6 29. Rxe6+ Kxe6 30. Kd3 a5 31. c4 bxc4+ 32. bxc4 dxc4+ 33. Kxc4 Kd6 34. Rf4 Kc6 35. d5+ Kd6 36. a4 Ke5 37. Rh4 Kd6 38. f4 Rxg3 39. Rxh5 Rg1 40. Rxf5 Rc1+ 41. Kb5 Rc5+ 42. Kb6 1-0

[Event "Madrid-ch Previa A"]
[Site "Madrid"]
[Date "2023.02.07"]
[Round "2.3"]
[White "Barahona Torrijos, Angel"]
[Black "Ruiz Bellon, Manuel"]
[Result "0-1"]
[WhiteElo "1761"]
[BlackElo "1950"]
[PlyCount "48"]
[EventDate "2023.02.06"]
[EventType "swiss"]
[EventRounds "9"]
[EventCountry "ESP"]
[SourceTitle "EXT 2024"]
[Source "ChessBase"]
[SourceDate "2023.10.10"]
[SourceVersion "1"]
[SourceVersionDate "2023.10.10"]
[SourceQuality "1"]

1. e4 c5 2. a3 Nc6 3. b4 e6 4. b5 Ne5 5. f4 Ng6 6. g3 d5 7. e5 f6 8. Nf3 fxe5 9. fxe5 Nh6 10. Bg2 Be7 11. 0-0 0-0 12. d4 Nf5 13. c3 Bd7 14. a4 a6 15. bxa6 Rxa6 16. g4 Nfh4 17. Nxh4 Nxh4 18. Bh3 b5 19. Ba3 Rxa4 20. Nd2 cxd4 21. Bxe7 Qxe7 22. cxd4 Rxd4 23. Rxf8+ Qxf8 24. Qc2 Rxd2 0-1

[Event "Collado Villalba op 39th"]
[Site "Collado Villalba"]
[Date "2022.08.28"]
[Round "9"]
[White "Lopez de Turiso, Jose Angel"]
[Black "Barahona Torrijos, Angel"]
[Result "1-0"]
[WhiteElo "1936"]
[BlackElo "1772"]
[PlyCount "51"]
[EventDate "2022.08.20"]
[EventType "swiss"]
[EventRounds "9"]
[EventCountry "ESP"]
[SourceTitle "EXT 2023"]
[Source "ChessBase"]
[SourceDate "2022.10.05"]
[SourceVersion "1"]
[SourceVersionDate "2022.10.05"]
[SourceQuality "1"]

1. e4 e5 2. Nf3 Nc6 3. Bb5 Nd4 4. Nxd4 exd4 5. 0-0 c6 6. Bc4 Nf6 7. e5 d5 8. Be2 Ne4 9. d3 Nc5 10. f4 g6 11. c3 Ne6 12. Nd2 Qb6 13. Kh1 Bh6 14. Nb3 dxc3 15. bxc3 Bg7 16. d4 0-0 17. f5 gxf5 18. Rxf5 c5 19. Rh5 c4 20. Nc5 Nxc5 21. dxc5 Qxc5 22. Qc2 f5 23. exf6 Rxf6 24. Qxh7+ Kf8 25. Rg5 Qe7 26. Ba3 1-0

[Event "Collado Villalba op 39th"]
[Site "Collado Villalba"]
[Date "2022.08.20"]
[Round "1"]
[White "Serrano Ruiz, Lope"]
[Black "Barahona Torrijos, Angel"]
[Result "1-0"]
[WhiteElo "2042"]
[BlackElo "1772"]
[PlyCount "51"]
[EventDate "2022.08.20"]
[EventType "swiss"]
[EventRounds "9"]
[EventCountry "ESP"]
[SourceTitle "EXT 2023"]
[Source "ChessBase"]
[SourceDate "2022.10.05"]
[SourceVersion "1"]
[SourceVersionDate "2022.10.05"]
[SourceQuality "1"]

1. e4 e5 2. Nf3 Nc6 3. Bc4 Nf6 4. d4 exd4 5. 0-0 Bc5 6. e5 d5 7. exf6 dxc4 8. fxg7 Rg8 9. Bg5 Be7 10. Bxe7 Kxe7 11. Re1+ Be6 12. c3 d3 13. Nbd2 Qd5 14. b3 cxb3 15. c4 Qh5 16. Qxb3 Qg6 17. Qxb7 Kd7 18. Ne4 Bxc4 19. Rac1 Rab8 20. Qxc6+ Qxc6 21. Ne5+ Ke6 22. Nxc6 Rb2 23. Nd4+ Kd5 24. Nf6+ Kxd4 25. Re4+ Kc5 26. Rexc4+ 1-0

[Event "Madrid-ch Seniors 65+"]
[Site "Madrid"]
[Date "2022.04.19"]
[Round "2"]
[White "Barahona Torrijos, Angel"]
[Black "Pastor Alonso de Prado, Emilio Alberto"]
[Result "0-1"]
[WhiteElo "1765"]
[BlackElo "2088"]
[PlyCount "94"]
[EventDate "2022.04.18"]
[EventType "swiss"]
[EventRounds "7"]
[EventCountry "ESP"]
[SourceTitle "EXT 2023"]
[Source "ChessBase"]
[SourceDate "2022.10.05"]
[SourceVersion "1"]
[SourceVersionDate "2022.10.05"]
[SourceQuality "1"]

1. e4 c6 2. d4 d5 3. f3 dxe4 4. fxe4 e5 5. Nf3 Bg4 6. Bc4 Qe7 7. 0-0 Nf6 8. Bg5 Nbd7 9. Qd3 0-0-0 10. c3 exd4 11. cxd4 Nc5 12. Qa3 Ncxe4 13. Qxa7 Nxg5 14. Qa8+ Kc7 15. Qa5+ Kb8 16. Qxg5 Bxf3 17. Qf4+ Qd6 18. Rxf3 Qxf4 19. Rxf4 Rxd4 20. Rxd4 Bc5 21. Nc3 Bxd4+ 22. Kf1 Bxc3 23. bxc3 Ne4 24. Rd1 Kc7 25. Rd3 Re8 26. g3 f5 27. Kg2 Nd6 28. Bb3 Re2+ 29. Kg1 Ne4 30. h3 g6 31. g4 f4 32. Bc4 Re1+ 33. Kg2 g5 34. Kf3 Nc5 35. Rd2 Re3+ 36. Kg2 Rg3+ 37. Kh2 Rxc3 38. Bg8 h6 39. h4 gxh4 40. Rf2 f3 41. Kh3 Kd6 42. Kxh4 Ke5 43. Bh7 Kf4 44. Rd2 Rc1 45. Rh2 Rg1 46. Bf5 Rg2 47. Rh1 f2 0-1

[Event "Madrid-ch Previa-A"]
[Site "Madrid"]
[Date "2022.03.23"]
[Round "9"]
[White "Barahona Torrijos, Angel"]
[Black "Aquilino Rodriguez, Virgilio"]
[Result "1-0"]
[WhiteElo "1822"]
[BlackElo "1541"]
[PlyCount "47"]
[EventDate "2022.03.07"]
[EventType "swiss"]
[EventRounds "9"]
[EventCountry "ESP"]
[SourceTitle "EXT 2023"]
[Source "ChessBase"]
[SourceDate "2022.10.05"]
[SourceVersion "1"]
[SourceVersionDate "2022.10.05"]
[SourceQuality "1"]

1. d4 d5 2. Nf3 Bf5 3. c4 e6 4. Nc3 c6 5. Bf4 h6 6. e3 Nf6 7. Ne5 Nbd7 8. cxd5 exd5 9. Bd3 Bxd3 10. Qxd3 Nxe5 11. dxe5 Nh5 12. 0-0 Nxf4 13. exf4 Bc5 14. Qg3 0-0 15. f5 f6 16. e6 Bd6 17. Qg4 d4 18. Ne4 c5 19. Rad1 b5 20. b4 c4 21. Nxd6 Qxd6 22. Rxd4 Qxb4 23. Rd7 g5 24. Qh5 1-0

[Event "Madrid-ch Previa-A"]
[Site "Madrid"]
[Date "2022.03.08"]
[Round "2"]
[White "Martinez Miura, Enrique"]
[Black "Barahona Torrijos, Angel"]
[Result "0-1"]
[WhiteElo "1601"]
[BlackElo "1822"]
[PlyCount "56"]
[EventDate "2022.03.07"]
[EventType "swiss"]
[EventRounds "9"]
[EventCountry "ESP"]
[SourceTitle "EXT 2023"]
[Source "ChessBase"]
[SourceDate "2022.10.05"]
[SourceVersion "1"]
[SourceVersionDate "2022.10.05"]
[SourceQuality "1"]

1. e4 e5 2. Nf3 Nc6 3. Bb5 Nd4 4. Nxd4 exd4 5. 0-0 c6 6. Bc4 Nf6 7. e5 d5 8. exd6 Qxd6 9. Re1+ Be7 10. Qe2 Bf5 11. d3 0-0 12. Bd2 Rae8 13. Na3 Bd8 14. Qf1 b5 15. Bxb5 cxb5 16. Nxb5 Qd5 17. Na3 Ba5 18. Bxa5 Qxa5 19. Rxe8 Rxe8 20. Nc4 Qb4 21. a3 Qb8 22. b4 Ng4 23. g3 Be6 24. Na5 Bd5 25. f4 Qc8 26. Rc1 Qe6 27. Nc4 Ne3 28. Nxe3 Qxe3+ 0-1

[Event "Madrid City-ch Seniors 65"]
[Site "Madrid"]
[Date "2021.03.09"]
[Round "2"]
[White "Barahona Torrijos, Angel"]
[Black "Ortiz Landeira, Jose Antonio"]
[Result "0-1"]
[WhiteElo "1842"]
[BlackElo "1759"]
[PlyCount "118"]
[EventDate "2021.03.08"]
[EventType "swiss"]
[EventRounds "7"]
[EventCountry "ESP"]
[SourceTitle "EXT 2022"]
[Source "ChessBase"]
[SourceDate "2021.10.06"]
[SourceVersion "1"]
[SourceVersionDate "2021.10.06"]
[SourceQuality "1"]

1. d4 d5 2. Nf3 e6 3. c4 Bb4+ 4. Nbd2 dxc4 5. a3 Bxd2+ 6. Bxd2 b5 7. e4 Bb7 8. Qc2 a6 9. 0-0-0 Ne7 10. Bc3 0-0 11. h4 Nd7 12. Ng5 h6 13. Nh3 f5 14. f3 Nf6 15. Nf4 Qc8 16. Bb4 Re8 17. b3 fxe4 18. Bxe7 Rxe7 19. bxc4 bxc4 20. Bxc4 Bd5 21. fxe4 Bxe4 22. Qa2 Bd5 23. Rhe1 c6 24. Ng6 Re8 25. Ne5 Qb7 26. Rd2 Rab8 27. Ree2 Bxc4 28. Nxc4 Qb3 29. Nd6 Qxa2 30. Rxa2 Re7 31. Rac2 Rb3 32. Rxc6 Rxa3 33. Kb2 Rd3 34. Rxa6 Rxd4 35. Nf5 Rb7+ 36. Kc3 Rd5 37. Nd4 Rc7+ 38. Nc6 Rd6 39. Kb4 Rdxc6 40. Rxe6 Rxa6 41. Rxa6 Rc2 42. g3 Rg2 43. Ra8+ Kh7 44. Ra3 Ne4 45. Re3 Nxg3 46. Rf3 Nh5 47. Rh3 Rg4+ 48. Kc3 Nf6 49. Kd3 Kg6 50. Ke3 Kh5 51. Kf2 Rxh4 52. Rf3 Rg4 53. Rh3+ Kg5 54. Kf3 h5 55. Rh1 h4 56. Ra1 h3 57. Ra5+ Kh4 58. Ra8 h2 59. Rh8+ Nh5 0-1

[Event "Madrid-ch Seniors 65"]
[Site "Madrid"]
[Date "2020.08.28"]
[Round "5"]
[White "Barahona Torrijos, Angel"]
[Black "Casares Ripoll, Fernando"]
[Result "0-1"]
[WhiteElo "1807"]
[BlackElo "2103"]
[PlyCount "51"]
[EventDate "2020.03.09"]
[EventType "swiss"]
[EventRounds "8"]
[EventCountry "ESP"]
[SourceTitle "EXT 2021"]
[Source "ChessBase"]
[SourceDate "2020.10.23"]
[SourceVersion "1"]
[SourceVersionDate "2020.10.23"]
[SourceQuality "1"]

1. e4 e5 2. Nf3 Nc6 3. Nc3 Bb4 4. Nd5 Ba5 5. Bc4 d6 6. 0-0 Bg4 7. Ne3 Bxf3 8. Qxf3 Qf6 9. Qh3 Nge7 10. c3 0-0 11. a4 Bb6 12. Nd5 Nxd5 13. exd5 Na5 14. Ba2 c5 15. b4 cxb4 16. cxb4 Bd4 17. Rb1 Qg6 18. bxa5 b6 19. Rb3 f5 20. Bb2 Bc5 21. a6 Qg5 22. Bc3 Qf4 23. a5 Qa4 24. Ra1 bxa5 25. Rb7 Rab8 26. Bb1 0-1

[Event "Madrid-ch Previa-A"]
[Site "Madrid"]
[Date "2020.02.17"]
[Round "7"]
[White "Barahona Torrijos, Angel"]
[Black "Garcia Gonzalez, Pedro A"]
[Result "1-0"]
[WhiteElo "1827"]
[BlackElo "1743"]
[PlyCount "105"]
[EventDate "2020.02.03"]
[EventType "swiss"]
[EventRounds "9"]
[EventCountry "ESP"]
[SourceTitle "EXT 2021"]
[Source "ChessBase"]
[SourceDate "2020.10.23"]
[SourceVersion "1"]
[SourceVersionDate "2020.10.23"]
[SourceQuality "1"]

1. e4 e5 2. Nf3 Nc6 3. Nc3 Nf6 4. Bb5 Bb4 5. 0-0 0-0 6. Nd5 Bc5 7. d3 Nxd5 8. exd5 Nd4 9. Nxd4 Bxd4 10. c3 Bb6 11. Qh5 d6 12. Bg5 f6 13. Bd2 Qe7 14. Rae1 Qf7 15. Qxf7+ Rxf7 16. Be3 Bf5 17. Bxb6 axb6 18. a3 Bg6 19. f4 h6 20. f5 Bh7 21. d4 Kf8 22. dxe5 fxe5 23. Bd3 Rf6 24. g4 Ke7 25. h4 Bg8 26. Be4 Ra5 27. c4 b5 28. Rc1 Kd8 29. Rfd1 bxc4 30. Rxc4 c5 31. g5 hxg5 32. hxg5 Rf8 33. Rc3 Ra4 34. Re1 Rd4 35. Rb3 Kc7 36. Rh3 Bxd5 37. Bxd5 Rxd5 38. Rh7 Rd4 39. Rxg7+ Kc6 40. f6 Rg4+ 41. Kf2 Rf4+ 42. Kg3 b5 43. Re3 Rf1 44. Rf3 Rg1+ 45. Kf2 Rb1 46. f7 Rxb2+ 47. Kg3 e4 48. Re3 d5 49. g6 Kd7 50. Rh7 Rb1 51. Kg4 d4 52. g7 Rxf7 53. g8Q 1-0

[Event "Madrid-ch Seniors 50"]
[Site "Madrid"]
[Date "2020.01.21"]
[Round "7"]
[White "Alonso Abad, Enrique"]
[Black "Barahona Torrijos, Angel"]
[Result "1-0"]
[WhiteElo "2002"]
[BlackElo "1857"]
[PlyCount "113"]
[EventDate "2020.01.13"]
[EventType "swiss"]
[EventRounds "9"]
[EventCountry "ESP"]
[SourceTitle "CBM 194 Extra"]
[Source "ChessBase"]
[SourceDate "2020.03.31"]
[SourceVersion "1"]
[SourceVersionDate "2020.03.31"]
[SourceQuality "1"]

1. e4 e5 2. Nf3 Nc6 3. d4 exd4 4. Nxd4 Bc5 5. Nb3 Bb6 6. Qe2 Qf6 7. Nc3 Nge7 8. Be3 Bxe3 9. Qxe3 0-0 10. 0-0-0 a6 11. g4 Ne5 12. Be2 d6 13. g5 Qe6 14. f4 Nc4 15. Qg3 b5 16. h4 Bb7 17. Nd4 Qd7 18. Bg4 Qe8 19. Rhe1 c5 20. Nf3 b4 21. Nb1 Qc6 22. f5 d5 23. f6 gxf6 24. exd5 Nxd5 25. b3 Nce3 26. Rxd5 Nxd5 27. Bd7 Qc7 28. Qxc7 Nxc7 29. Nbd2 fxg5 30. Nxg5 f6 31. Nge4 Rf7 32. Nxc5 Bd5 33. Bf5 a5 34. Nde4 Re8 35. Rg1+ Kf8 36. Nd6 Re5 37. Nxf7 Rxf5 38. Nh6 Rf2 39. Re1 f5 40. Re5 f4 41. Nd7+ Kg7 42. Nf5+ Kg6 43. Ne7+ Kf7 44. Nxd5 Nxd5 45. Rxd5 Ke6 46. Rd1 Rh2 47. Nf8+ Kf5 48. Nxh7 Rxh4 49. Nf8 f3 50. Rf1 Ke4 51. Re1+ Kd4 52. Ng6 Rh2 53. Nf4 f2 54. Ne6+ Kd5 55. Nf4+ Kd4 56. Rf1 Ke3 57. Nd3 1-0

[Event "Madrid-ch Seniors 50"]
[Site "Madrid"]
[Date "2020.01.16"]
[Round "4"]
[White "Barahona Torrijos, Angel"]
[Black "Lopez Guitian, Juan J"]
[Result "1-0"]
[WhiteElo "1857"]
[BlackElo "1509"]
[PlyCount "92"]
[EventDate "2020.01.13"]
[EventType "swiss"]
[EventRounds "9"]
[EventCountry "ESP"]
[SourceTitle "CBM 194 Extra"]
[Source "ChessBase"]
[SourceDate "2020.03.31"]
[SourceVersion "1"]
[SourceVersionDate "2020.03.31"]
[SourceQuality "1"]

1. d4 Nf6 2. Bg5 d5 3. e3 Nbd7 4. Bd3 h6 5. Bh4 g5 6. Bg3 Bg7 7. Nd2 c6 8. Ngf3 Qb6 9. Qb1 Nh5 10. Be5 Nxe5 11. Nxe5 Qc7 12. Qd1 Nf6 13. 0-0 Be6 14. f4 gxf4 15. exf4 h5 16. c3 Ng4 17. Qe1 Nxe5 18. fxe5 0-0-0 19. Nf3 Bh6 20. Nh4 Rdg8 21. Rf3 Qd8 22. Nf5 Bxf5 23. Rxf5 Qf8 24. Qf2 Qg7 25. Re1 Rf8 26. c4 e6 27. Rf3 h4 28. cxd5 cxd5 29. Rf1 Rhg8 30. g3 hxg3 31. Rxg3 Bg5 32. Kh1 Qh6 33. Rfg1 Kb8 34. Qg2 Qh5 35. Be2 Qh4 36. Rg4 Qh7 37. Rxg5 Rxg5 38. Qxg5 Qe4+ 39. Qg2 Qxd4 40. Bh5 Qxe5 41. Bxf7 Rh8 42. Qg3 Qxg3 43. Rxg3 Rc8 44. Bxe6 Rc1+ 45. Rg1 Rc2 46. Rg8+ Kc7 1-0